000 00665nam a2200205 4500
001 120857
003 ES-MaACL
005 20240511063032.0
007 t|
008 070214s1971 sp r ||||1| spa d
100 1 _aPollmann, Leo.
_992846
245 1 3 _aLa `nueva novela` en Francia y en Iberoamérica /
_cLeo Pollmann ; versión española de Julio Linares.
260 _aMadrid :
_bGredos,
_c1971.
300 _a379 p. ;
_c20 cm.
490 0 _aBiblioteca románica hispánica. II. Estudios y ensayos ;
_v159
_9178108
700 1 _aLinares, Julio.
_972338
852 _aES-MaACL
_jC-39174
_bR.78873
942 _2udc
999 _c120857
_d120857